Perasmian CPD oleh YB Datuk Hj. Sahari Bin Hj. Mahadi di Hotel Legend pada 16/12/1997 [video recording]

Bibliographic Details
Format: Book
Published: Bangi : Inspen , 1997
Subjects:

MARC

LEADER 00000cam a2200000 7i4500
001 0000004600
005 20061205.0
040 |a INS 
090 0 0 |a HF5549.5 1997 
245 0 0 |a Perasmian CPD oleh YB Datuk Hj. Sahari Bin Hj. Mahadi di Hotel Legend pada 16/12/1997 [video recording] 
260 |a Bangi :   |b Inspen ,   |c 1997 
300 |a 1video cassette(VHS)( ) :   |b sd.,col. ;   |c 1/2in. 
500 |a 24 minit 
650 0 0 |a Employee   |x Training of 
999 |a VHS746   |b VIDEO   |c Media Collection   |e Default branch